000 00691nam a2200229 a 4500
001 000031754
003 DO-SdBNP
005 20240320074002.0
007 ta
008 110701s2005 dr 000 0 spa d
040 _aDO-SdBNP
_bspa
_cBNPHU
082 _axxx
_bE86, 2005
245 0 3 _aLa Eucaristía :
_bCatequesis de Juan Pablo II /
_ceditor Rafael Bello Peguero ; presentación Fco. José Arnaíz.
250 _a2a ed.
260 _aSanto Domingo :
_bEdiciones MSC,
_c2005.
300 _a51 p. ;
_c21 cm.
590 _aInventariado, 2022 / DG
700 1 _aArnaíz, Fco. José
_946314
700 1 _aBello Peguero, Rafael,
_d1932-2022
_eed.
_92405
910 _aDG
942 _2ddc
_cLBS1
999 _c31246
_d31246